LIBRARY & INFORMATION CENTRE, KCAET, TAVANUR

ONLINE PUBLIC ACCESS CATALOGUE (OPAC)

Development of Intermediate moisture product from wild FIG (Record no. 14993)

MARC details
000 -LEADER
fixed length control field 00695nam a22001817a 4500
003 - CONTROL NUMBER IDENTIFIER
control field OSt
088 ## - REPORT NUMBER
Report number P 246
100 ## - MAIN ENTRY--AUTHOR NAME
Personal name lAKSHMI E. JAYACHANDRAN
-- NEETHISH VARGHESE
245 ## - TITLE STATEMENT
Title Development of Intermediate moisture product from wild FIG
260 ## - PUBLICATION, DISTRIBUTION, ETC. (IMPRINT)
Place of publication Tavanur 2012
Name of publisher Department of Post Harvest Technology Technol ogy and Agricultural Processing
300 ## - PHYSICAL DESCRIPTION
Number of Pages 40
500 ## - GENERAL NOTE
General note Development of Intermediate moisture product from wild FIG
520 ## - SUMMARY, ETC.
Summary, etc Development of Intermediate moisture product from wild FIG
700 ## - ADDED ENTRY--PERSONAL NAME
Personal name Dr. Santhi Mary Mathew (Guide)
856 ## - ELECTRONIC LOCATION AND ACCESS
Uniform Resource Identifier https://drive.google.com/open?id=1E6bNmkfB6SrYu-FQUmpgZ5DM2jL20siB
942 ## - ADDED ENTRY ELEMENTS (KOHA)
Koha item type Project Report
Holdings
Collection code Home library Current library Shelving location Full call number Accession Number Koha item type
Reference KAUAET KAUAET Reference 631.56 LAK/DE P 246 Project Report
free website counter